header

Frequency and the emergence of linguistic structure (Record no. 1452)

MARC details
000 -LEADER
fixed length control field 01532nam a2200397 a 4500
082 04 - DEWEY DECIMAL CLASSIFICATION NUMBER
Classification number 415
245 00 - TITLE STATEMENT
Title Frequency and the emergence of linguistic structure
260 ## - PUBLICATION, DISTRIBUTION, ETC. (IMPRINT)
Place of publication Amsterdam ;
-- [Great Britain] :
Name of publisher J. Benjamins,
Year of publication c2001.
300 ## - PHYSICAL DESCRIPTION
Number of Pages vi, 492 p. :
Other physical details ill.
490 1# - SERIES STATEMENT
Series statement Typological studies in language,
650 #0 - SUBJECT ADDED ENTRY--TOPICAL TERM
Topical Term Frequency (Linguistics)
Topical Term Grammar, Comparative and general.
700 1# - ADDED ENTRY--PERSONAL NAME
Personal name Bybee, Joan L.
Personal name Hopper, Paul J.
856 40 - ELECTRONIC LOCATION AND ACCESS
Uniform Resource Identifier http://site.ebrary.com/lib/rucke/Doc?id=5004950

No items available.

© 2026 Rongo University
Contact us: librarian | system librarian | Rongo university